Chemical vapor deposition of multispectral windows (Record no. 7300)

MARC details
000 -LEADER
fixed length control field 00693nam a2200205Ia 4500
003 - CONTROL NUMBER IDENTIFIER
control field IN-BaIIA
008 - FIXED-LENGTH DATA ELEMENTS--GENERAL INFORMATION
fixed length control field 211028s9999 xx 000 0 eng d
040 ## - CATALOGING SOURCE
Transcribing agency IIA Library
080 ## - UNIVERSAL DECIMAL CLASSIFICATION NUMBER
Universal Decimal Classification number 535.8
Item number DIB
100 ## - MAIN ENTRY--PERSONAL NAME
Personal name Di Benedetto, B. A.
9 (RLIN) 12495
245 #0 - TITLE STATEMENT
Title Chemical vapor deposition of multispectral windows
Statement of responsibility, etc. B. A. Di Benedetto, Pappis J. and A. J. Capriulo
260 ## - PUBLICATION, DISTRIBUTION, ETC.
Place of publication, distribution, etc. Massachusetts
Name of publisher, distributor, etc. Air Force Avionics Laboratory
Date of publication, distribution, etc. 1973
300 ## - PHYSICAL DESCRIPTION
Extent viii, 53p.
490 ## - SERIES STATEMENT
Series statement AFAL-TR-73-252
650 ## - SUBJECT ADDED ENTRY--TOPICAL TERM
Topical term or geographic name entry element Astronomy and astrophysics thesaurus
650 ## - SUBJECT ADDED ENTRY--TOPICAL TERM
Topical term or geographic name entry element Vapor deposition
9 (RLIN) 12496
700 ## - ADDED ENTRY--PERSONAL NAME
Personal name Capriulo, A. J.
9 (RLIN) 12497
700 ## - ADDED ENTRY--PERSONAL NAME
Personal name Pappis, J.
9 (RLIN) 12498
942 ## - ADDED ENTRY ELEMENTS (KOHA)
Koha item type Books
952 ## - LOCATION AND ITEM INFORMATION (KOHA)
-- 19.65
Holdings
Withdrawn status Lost status Damaged status Not for loan Home library Current library Shelving location Date acquired Total Checkouts Full call number Barcode Date last seen Price effective from Koha item type
        IIA Library-Bangalore IIA Library-Bangalore General Stacks 21/03/1983   535.8/ DIB 8103 05/11/2021 21/03/1983 Books

Powered by Koha